[Event "ESP-ch U10"]
[Site "Salobrena"]
[Date "2022.07.06"]
[Round "5"]
[White "Hijarrubia Alvarez, Cuevas Gonzalo"]
[Black "Porlan Piernas, Irene"]
[Result "1-0"]
[WhiteElo "1336"]
[BlackElo "1054"]
[PlyCount "106"]
[EventDate "2022.07.04"]
[EventType "swiss"]
[EventRounds "9"]
[EventCountry "ESP"]
[SourceTitle "EXT 2023"]
[Source "ChessBase"]
[SourceDate "2022.10.05"]
[SourceVersion "1"]
[SourceVersionDate "2022.10.05"]
[SourceQuality "1"]

1. e4 c5 2. d4 cxd4 3. c3 Nc6 4. cxd4 d5 5. e5 f6 6. f4 e6 7. Nf3 Be7 8. Bb5 a6 9. Be2 Nh6 10. 0-0 Nf7 11. Be3 0-0 12. Nc3 Bd7 13. Qc2 Rc8 14. Qd1 b5 15. Rc1 fxe5 16. fxe5 Rc7 17. Qe1 Qc8 18. Qg3 g6 19. Bd3 Nh8 20. Ne2 Nb4 21. Bb1 Nc2 22. Bh6 Rf7 23. Ng5 Bxg5 24. Qxg5 Be8 25. Bxc2 Rxc2 26. Rxc2 Qxc2 27. Rxf7 Nxf7 28. Qd2 Qxd2 29. Bxd2 Nd8 30. Nc1 Nc6 31. Nb3 b4 32. Be3 Ne7 33. Nc5 Nf5 34. Kf2 a5 35. Nxe6 a4 36. Nc5 a3 37. b3 Bb5 38. g4 Ne7 39. Bd2 Nc6 40. Ke3 Kf7 41. Nd3 Bxd3 42. Kxd3 Ke6 43. Ke3 h5 44. gxh5 gxh5 45. Kf4 Nxd4 46. Bxb4 Ne2+ 47. Ke3 Nc1 48. Bxa3 Nxa2 49. Bd6 Nc3 50. Kf4 d4 51. Bc5 d3 52. Ke3 Kxe5 53. Bd4+ Kd5 1-0

[Event "ESP-ch U10"]
[Site "Salobrena"]
[Date "2022.07.06"]
[Round "4"]
[White "Jaglinski, Aleksander"]
[Black "Porlan Piernas, Irene"]
[Result "1/2-1/2"]
[WhiteElo "1249"]
[BlackElo "1054"]
[PlyCount "121"]
[EventDate "2022.07.04"]
[EventType "swiss"]
[EventRounds "9"]
[EventCountry "ESP"]
[SourceTitle "EXT 2023"]
[Source "ChessBase"]
[SourceDate "2022.10.05"]
[SourceVersion "1"]
[SourceVersionDate "2022.10.05"]
[SourceQuality "1"]

1. e4 c5 2. Nc3 Nc6 3. Bb5 e6 4. Bxc6 bxc6 5. f4 d5 6. d3 Nf6 7. e5 Nd7 8. Nf3 f6 9. 0-0 Be7 10. b3 0-0 11. Na4 Qc7 12. Bb2 Bb7 13. c4 Rad8 14. Qe2 Bc8 15. Rfe1 Rde8 16. Qe3 d4 17. Qd2 a5 18. Ba3 Rf7 19. Re2 Qa7 20. Rae1 fxe5 21. Nxe5 Nxe5 22. fxe5 h6 23. Rf1 Ref8 24. Ref2 Bg5 25. Qe2 Be3 26. Bxc5 Rxf2 27. Rxf2 Rxf2 28. Qxe3 dxe3 29. Bxa7 Rxa2 30. Bxe3 Ra3 31. Nc5 a4 32. bxa4 Ra1+ 33. Kf2 Ra2+ 34. Kf3 Kf7 35. h4 Kg6 36. g4 h5 37. Bf4 hxg4+ 38. Kxg4 Kf7 39. Kh5 g6+ 40. Kh6 Rf2 41. Kg5 Rg2+ 42. Kh6 Rf2 43. Bg5 Ra2 44. h5 Rh2 45. Kh7 Rxh5+ 46. Bh6 Rxe5 47. Ne4 Ke7 48. Kxg6 Ba6 49. Bf4 Rxe4 50. dxe4 Bxc4 51. e5 Bd3+ 52. Kg7 Ba6 53. Be3 Kd7 54. a5 Ke7 55. Bc5+ Ke8 56. Kf6 Bc4 57. Kg6 Kd7 58. Kf7 Kc8 59. a6 Bxa6 60. Kxe6 Bc4+ 61. Kd6 1/2-1/2